MARC details
| 000 -CABECERA |
| campo de control de longitud fija |
02497nab a2200289 ab4500 |
| 005 - FECHA Y HORA DE LA ÚLTIMA TRANSACCIÓN |
| campo de control |
20260428135050.0 |
| 008 - ELEMENTOS DE LONGITUD FIJA--INFORMACIÓN GENERAL |
| campo de control de longitud fija |
251016c2025 sp tr p#o# #00| spa d |
| 003 - IDENTIFICADOR DEL NÚMERO DE CONTROL |
| campo de control |
|
| 040 ## - FUENTE DE LA CATALOGACIÓN |
| Centro catalogador/agencia de origen |
MX-MxUPN |
| Lengua de catalogación |
spa |
| Centro/agencia transcriptor |
MX-MxUPN |
| Normas de descripción |
aacr2 |
| 100 1# - ASIENTO PRINCIPAL--NOMBRE PERSONAL |
| Nombre de persona |
Basilotta Gómez Pablos, Verónica |
| 9 (RLIN) |
59418 |
| 100 1# - ASIENTO PRINCIPAL--NOMBRE PERSONAL |
| Nombre de persona |
Casillas-Martín, Sonia |
| 9 (RLIN) |
56655 |
| 100 1# - ASIENTO PRINCIPAL--NOMBRE PERSONAL |
| Nombre de persona |
Cabezas-González, Marcos |
| 9 (RLIN) |
56656 |
| 100 1# - ASIENTO PRINCIPAL--NOMBRE PERSONAL |
| Nombre de persona |
García Valcárcel Muñoz Repiso, Ana |
| 9 (RLIN) |
59419 |
| 245 10 - MENCIÓN DE TÍTULO |
| Título |
Uso de aplicaciones móviles en contextos educativos de infantil y primaria |
| Medio |
[recurso electrónico en línea] |
| 506 0# - NOTA DE RESTRICCIONES AL ACCESO |
| Limitaciones de acceso |
Acceso abierto |
| 520 3# - NOTA DE RESUMEN, ETC. |
| Sumario, etc. |
El uso de aplicaciones móviles propicia experiencias educativas activas, y puede mejorar la motivación e implicación del estudiante. El presente trabajo pretende: a) aportar una selección de aplicaciones educativas en infantil y primaria, b) conocer la opinión de profesores en formación acerca de dichas aplicaciones, c) analizar la satisfacción del alumnado de infantil y primaria tras participar en una experiencia con aplicaciones educativas. Para responder a los dos primeros objetivos, se aplica un cuestionario a una muestra de 182 profesores en formación de una universidad a distancia y se emplea un enfoque mixto en el análisis de los datos. Para responder al tercer objetivo se aplica la observación y entrevista a dos grupos de infantil y primaria, y se emplea un enfoque cualitativo. Los resultados aportan 51 aplicaciones para trabajar diversos contenidos en infantil y primaria. Los profesores en formación muestran una opinión favorable hacia el uso de estos recursos en el ámbito educativo, consideran que promueven un aprendizaje conductual y por descubrimiento, y tienen una función interactiva. También señalan algunas limitaciones como la falta de recursos materiales y de formación. Por último, el alumnado de infantil y primaria valora positivamente la experiencia realizada, están motivados y desean seguir trabajando con estos recursos para aprender contenidos y competencias. |
| Fuente proveedora |
RED |
| 650 #4 - ASIENTO SECUNDARIO DE MATERIA - TERMINO TEMATICO |
| Término de materia o nombre geográfico como elemento de entrada |
Educación superior |
| 9 (RLIN) |
32 |
| 650 #4 - ASIENTO SECUNDARIO DE MATERIA - TERMINO TEMATICO |
| Término de materia o nombre geográfico como elemento de entrada |
Innovaciones educativas |
| 9 (RLIN) |
386 |
| 653 ## - TERMINO DE INDIZACION - NO CONTROLADO |
| Término no controlado |
m-learning |
| 653 ## - TERMINO DE INDIZACION - NO CONTROLADO |
| Término no controlado |
Aplicaciones móviles |
| 653 ## - TERMINO DE INDIZACION - NO CONTROLADO |
| Término no controlado |
Competencias digitales |
| 773 ## - ENLACE AL DOCUMENTO FUENTE/ENTRADA DE REGISTRO ANFITRIÓN |
| Parte(s) relacionada(s) |
Vol. 25, no. 81 (2025), p. 1-25 |
| Título |
RED : Revista de educación a distancia |
| Número Internacional Normalizado para Publicaciones Seriadas |
1578-7680 |
| 856 4# - LOCALIZACIÓN Y ACCESO ELECTRÓNICOS |
| Identificador Uniforme del Recurso |
<a href="https://revistas.um.es/red/article/view/620841">https://revistas.um.es/red/article/view/620841</a> |
| 856 4# - LOCALIZACIÓN Y ACCESO ELECTRÓNICOS |
| Identificador Uniforme del Recurso |
<a href="https://revistas.um.es/red/article/view/620841/373851">https://revistas.um.es/red/article/view/620841/373851</a> |
| 902 ## - ELEMENTOS DE DATOS B LOCAL, LDB (RLIN) |
| Creó |
Leonor Sotres/280426 |
| 942 ## - ELEMENTOS DE PUNTO DE ACCESO ADICIONAL (KOHA) |
| Tipo de ítem Koha |
Artículo Electrónico |